01470cam a22004454i 4500003000900000005001700009008004100026035002000067040003300087049000900120082001700129130002600146245005200172250001800224264005500242300004500297336002100342337002500363338002300388505004900411526001000460526001000470526001000480526001000490526000800500526000800508526000800516526000800524526000800532526000800540526000800548630002600556910002800582942001400610994001400624596000600638999015700644980005500801952016800856PE-LiUPU20250731173117.0190920s1988 bl a r 000 0 por d a(Sirsi) a252557 aPE-LiUPUbspacPE-LiUPUerda aPRUA04a220bB52221 aBiblia.lPortugués.10aBíblia Sagrada :bAntigo e o Novo Testamento. a2a edición. 1aSao Paulo :bSociedade Bíblica do Brasil,c1988. apaginación variada ;c20 centímetros atext2rdacontent aunmediated2rdamedia avolume2rdacarrier0 aBíblia Sagrada Antigo e o Novo Testamento. aSEG42 aSEG41 aSEG40 aSEG39 aP94 aP87 aP86 aP85 aP77 aP76 aP35 aBiblia.lPortugués. abgrbkslcksld20190920 2ddccBOOK aC0bPEPRU a1 a220 B52wDEWEYc31784i80667f2021-11-9g3lCCODEBUL1mBULp36.00r0sYtBOOKu2019-9-20xTEOLOGIAPP350DONACIONo.STAFF. Colección Teologíad31784 81gALBERTO SANCHEZ Responsable de Automatización r2025-12-02 00:00:00i4l0o220 B52p80667te1v41.00w2019-09-20xFTyBKzinventario-2023-12-13102ddc50708GENfP35aBULbBULcGENd2019-09-20eDONACIONg36.00